Giáo trình những nguyên lý cơ bản của chủ nghĩa Mác-Lênin, tư tưởng Hồ Chí Minh /

Wedi'i Gadw mewn:
Manylion Llyfryddiaeth
Awduron Eraill: Đào Phương Liên, PGS.TS., Đoàn Đức Hiếu, PGS.TS., Dương Văn Duyên, TS., Nguyễn Đăng Quang., Nguyễn Viết Thông, TS., Phạm Quang Phan, GS.TS (chủ biên.), Phạm Văn Sinh, TS (chủ biên.), Trần Hùng, TS., Vũ Tình, PGS.TS.
Fformat: Sách giấy
Iaith:Vietnamese
Cyhoeddwyd: H. : Chính trị Quốc gia, 2009.
Pynciau:
Tagiau: Ychwanegu Tag
Dim Tagiau, Byddwch y cyntaf i dagio'r cofnod hwn!
Thư viện lưu trữ: Thư viện Trường Đại học Đà Lạt
LEADER 01201nam a2200385 4500
001 DLU090074980
005 ##20090622
040 # # |a DLU  |b vie 
041 # # |a vie 
044 # # |a vn 
082 # # |a 335.4  |b Gia 
245 # # |a Giáo trình những nguyên lý cơ bản của chủ nghĩa Mác-Lênin, tư tưởng Hồ Chí Minh /  |c Phạm Văn Sinh, Phạm Quang Phan đồng chủ biên, ... [và những người khác]. 
260 # # |a H. :  |b Chính trị Quốc gia,  |c 2009. 
300 # # |a 490 tr. ;  |c 21 cm. 
650 # # |a Chủ nghĩa Mác-Lênin  |v Giáo trình. 
700 # # |a Đào Phương Liên,  |c PGS.TS. 
700 # # |a Đoàn Đức Hiếu,  |c PGS.TS. 
700 # # |a Dương Văn Duyên,  |c TS. 
700 # # |a Nguyễn Đăng Quang. 
700 # # |a Nguyễn Viết Thông,  |c TS. 
700 # # |a Phạm Quang Phan,  |c GS.TS,  |e chủ biên. 
700 # # |a Phạm Văn Sinh,  |c TS,  |e chủ biên. 
700 # # |a Trần Hùng,  |c TS. 
700 # # |a Vũ Tình,  |c PGS.TS. 
923 # # |a 08/2009 
991 # # |a GT 
992 # # |a 32500 
994 # # |a DLU 
900 # # |a True 
911 # # |a Đào Thị Thu Huyền 
925 # # |a G 
926 # # |a A 
927 # # |a SH 
980 # # |a Thư viện Trường Đại học Đà Lạt